Ročné zúčtovanie poistného na verejné zdravotné poistenie za rok 2006
Odborný výklad k ročnému zúčtovaniu poistného na verejné zdravotné poistenie za rok 2006 s praktickými príkladmi a vyplnenými vzormi tlačív. Termíny vykonania ročného zúčtovania. Základné pojmy. Oslobodenie zamestnanca od povinnosti vykonať a podať ročné zúčtovanie. Povinnosť zamestnanca vykonať ro...
Gespeichert in:
| 1. Verfasser: | |
|---|---|
| Format: | Buchkapitel |
| Sprache: | Slowakisch |
| Schlagworte: | |
| Tags: |
Keine Tags, Fügen Sie das erste Tag hinzu!
|
MARC
| LEADER | 00000naa$a2200000$$$4500 | ||
|---|---|---|---|
| 001 | 0056721 | ||
| 005 | 20231109091540.2 | ||
| 041 | 0 | |a slo | |
| 044 | |a SK | ||
| 245 | 1 | 0 | |a Ročné zúčtovanie poistného na verejné zdravotné poistenie za rok 2006 |c Jolana Strýčková |
| 520 | |a Odborný výklad k ročnému zúčtovaniu poistného na verejné zdravotné poistenie za rok 2006 s praktickými príkladmi a vyplnenými vzormi tlačív. Termíny vykonania ročného zúčtovania. Základné pojmy. Oslobodenie zamestnanca od povinnosti vykonať a podať ročné zúčtovanie. Povinnosť zamestnanca vykonať ročné zúčtovanie. Termíny a povinnosti zamestnávateľa pri vykonaní ročného zúčtovania. Postup pri vyplňovaní jednotlivých tlačív. | ||
| 610 | 2 | 0 | |a poistenie zdravotné |
| 610 | 2 | 0 | |a poistné |
| 610 | 2 | 0 | |a preddavky |
| 610 | 2 | 0 | |a zamestnanci |
| 610 | 2 | 0 | |a zamestnávatelia |
| 610 | 2 | 0 | |a povinnosti zamestnávateľov |
| 610 | 2 | 0 | |a povinnosti pracovníkov |
| 100 | 1 | |a Strýčková, Jolana | |